| Tag |
First Indicator |
Second Indicator |
Subfields |
| LEADER |
00000cam a2200000Ii 4500 |
| 001 |
in00002004147 |
| 005 |
20151031123143.0 |
| 008 |
760421s1962 gw a b 000 0 ger d |
| 035 |
|
|
|a (OCoLC)ocm02127828
|
| 040 |
|
|
|a AZS
|c AZS
|d OCL
|d TXA
|d UtOrBLW
|
| 041 |
0 |
|
|a ger
|a eng
|
| 049 |
|
|
|a TXAM
|
| 090 |
|
|
|a QC851
|b .B64 Heft 1
|
| 100 |
1 |
|
|a Eickermann, W.
|
| 245 |
1 |
0 |
|a Witterungszusammenhänge über dem äquatorialen Südatlantik /
|c W. Eickermann und H. Flohn.
|
| 264 |
|
1 |
|a [Bonn] :
|b Meteorologisches Institut der Universität Bonn,
|c 1962.
|
| 300 |
|
|
|a iv, 65 pages :
|b illustrations ;
|c 21 cm.
|
| 336 |
|
|
|a text
|b txt
|2 rdacontent
|
| 337 |
|
|
|a unmediated
|b n
|2 rdamedia
|
| 338 |
|
|
|a volume
|b nc
|2 rdacarrier
|
| 490 |
1 |
|
|a Bonner meteorologische Abhandlungen ;
|v Heft 1
|
| 504 |
|
|
|a Bibliography: pages 36-39.
|
| 650 |
|
0 |
|a Tropical meteorology.
|
| 650 |
|
0 |
|a Atmospheric circulation
|z Tropics.
|
| 700 |
1 |
|
|a Flohn, Hermann.
|
| 830 |
|
0 |
|a Bonner meteorologische Abhandlungen ;
|v Heft 1.
|
| 994 |
|
|
|a E0
|b TXA
|
| 948 |
|
|
|a cataloged
|b h
|c 2004/10/14
|d c
|e bwalker
|f 9:46:31 am
|
| 999 |
|
|
|a MARS
|
| 999 |
f |
f |
|s 538b92fd-cc6a-3a94-bb7f-2663acc3b4fb
|i 2a89afc3-7b41-3c63-ae6e-c639d96777d1
|t 0
|
| 952 |
f |
f |
|p ric
|a Texas A&M University
|b Rellis Campus
|c Joint Library Facility
|d Remote Storage
|t 0
|e QC851 .B64 Heft 1
|h Library of Congress classification
|i unmediated -- volume
|m A14831355639
|
| 998 |
f |
f |
|a QC851 .B64 Heft 1
|t 0
|l Remote Storage
|